| 000 | 00542nam a2200205Ia 4500 | ||
|---|---|---|---|
| 008 | 170918s9999 xx 000 0 und d | ||
| 020 | _a9780439917636 | ||
| 050 | _bC255 2006 | ||
| 100 | _aCapucilli, Alyssa Satin | ||
| 245 | _aBiscuit visits the big city / | ||
| 245 | _cAlyssa Satin Capucilli ; pictures Pat Schories. | ||
| 260 | _aNew York : | ||
| 260 | _bScholastic, | ||
| 260 | _c2006 | ||
| 300 | _a28 pages : | ||
| 300 | _bcolored illustration ; | ||
| 300 | _c22cm. | ||
| 440 | _aI can read book my first. | ||
| 500 | _a230 | ||
| 999 |
_c341215 _d341215 |
||